| 000 | 01000cab a2200265 4500 | ||
|---|---|---|---|
| 001 | ABS51023 | ||
| 008 | 090401t1994 xxu||||| |||| 00| 0 eng d | ||
| 035 | _a(Sirsi) u5477 | ||
| 041 | _aeng | ||
| 100 | _aGregg, R. | ||
| 245 | 2 | _aA prefabricated future for quality building? | |
| 260 | _c1994 | ||
| 350 | _a0 | ||
| 490 |
_aBuilding Engineer _v69(6) July 1994, 20-23(4) |
||
| 520 | _aReviews the inception, development and some obstacles for prefabrication and dimensional coordination in building construction in the UK. Explains the concept of prefabrication and points out that factory-built modules could be the road to better quality at a time when on-site craft skills are on the wane. | ||
| 650 | _aBRICK DEVELOPMENT ASSOCIATION | ||
| 650 | _aBS 6750 | ||
| 650 | _aBS DD 51 | ||
| 650 | _aDIMENSIONAL COORDINATION | ||
| 650 | _aMODULAR COORDINATION | ||
| 650 | _aPREFABRICATED BUILDINGS | ||
| 690 | _aBUILT ENVIRONMENT-CONSTRUCTION DESIGN | ||
| 942 | _n0 | ||
| 948 | _c04/03/1997 | ||
| 999 |
_c3261 _d3261 |
||